REPORTED MEDICAL PRACTICES ON PREVENTION MANAGEMENT OF VACTOR BRONE AND INFECTIOUS DISEASES THROUGH AYURVEDA AND SIDDHA (Record no. 8642)

MARC details
000 -LEADER
fixed length control field 00417nam a22001337a 4500
003 - CONTROL NUMBER IDENTIFIER
control field SGT
082 ## - DEWEY DECIMAL CLASSIFICATION NUMBER
Classification number 615
Item number R10M
100 ## - MAIN ENTRY--PERSONAL NAME
Personal name MINISTRY OF HEALTH & FAMILY WELFARE
245 ## - TITLE STATEMENT
Title REPORTED MEDICAL PRACTICES ON PREVENTION MANAGEMENT OF VACTOR BRONE AND INFECTIOUS DISEASES THROUGH AYURVEDA AND SIDDHA
260 ## - PUBLICATION, DISTRIBUTION, ETC. (IMPRINT)
Place of publication, distribution, etc DELHI
Name of publisher, distributor, etc MINISTRY OF HEALTH & FAMILY WELFARE
Year of Publication 2010
300 ## - PAGE DESCRIPTION
No. of Pages 218
650 ## - SUBJECT ADDED ENTRY--TOPICAL TERM
Topical term or geographic name as entry element AYURVEDA
942 ## - ADDED ENTRY ELEMENTS (KOHA)
Source of classification or shelving scheme Dewey Decimal Classification
Koha item type Books
Holdings
Withdrawn status Lost status Source of classification or shelving scheme Damaged status Use restrictions Not for loan Collection code Home library Current library Shelving location Date acquired Vendor Name Cost, normal purchase price SGTU Bill Number Full call number Accession No. (Barcode) Date last seen Bill Date Koha item type
    Dewey Decimal Classification   Restricted Access   AYURVEDA SGT FA-FP Library SGT FA-FP Library Reference Book 28/03/2016 C.C.R.A.S 540.00 SGTU 14293 615 R10M FA4596 28/03/2016 13/01/2016 Books
    Dewey Decimal Classification   Restricted Access   AYURVEDA SGT FA-FP Library SGT FA-FP Library Reference Book 28/03/2016 C.C.R.A.S 540.00 SGTU 14293 615 R10M FA4597 28/03/2016 13/01/2016 Books
    Dewey Decimal Classification   Restricted Access   AYURVEDA SGT FA-FP Library SGT FA-FP Library Reference Book 28/03/2016 C.C.R.A.S 540.00 SGTU 14293 615 R10M FA4598 28/03/2016 13/01/2016 Books
    Dewey Decimal Classification   Restricted Access   AYURVEDA SGT FA-FP Library SGT FA-FP Library Reference Book 28/03/2016 C.C.R.A.S 540.00 SGTU 14293 615 R10M FA4599 28/03/2016 13/01/2016 Books
    Dewey Decimal Classification   Restricted Access   AYURVEDA SGT FA-FP Library SGT FA-FP Library Reference Book 28/03/2016 C.C.R.A.S 540.00 SGTU 14293 615 R10M FA4600 28/03/2016 13/01/2016 Books